Verböczyovo Tripartitum a soukromé právo Uherské i Chorvátské šlechty v něm obsažené

Bibliographic Details
Main Author: Kadlec, Karel, 1865-1928 (Author)
Format: Book
Language:Undetermined
PhysicalDescription:305 s.
Published: Praha Nákladem České Akademie Císaře Františka Josefa 1902
Edition:1. vyd.

MARC

LEADER 00000nam a2200000 a 4500
001 vtls001451857
003 SK-MaSNL
005 20260301073140.0
008 240318s1902 xx 0 und
035 |a SNK000407164 
040 |a SNK  |b slo  |c SNK  |e AACR2 
041 0 |a und 
044 |a xx 
100 1 |a Kadlec, Karel,  |d 1865-1928  |4 aut  |9 111441 
245 1 0 |a Verböczyovo Tripartitum a soukromé právo Uherské i Chorvátské šlechty v něm obsažené 
250 |a 1. vyd. 
260 |a Praha  |b Nákladem České Akademie Císaře Františka Josefa  |c 1902 
300 |a 305 s. 
958 |a ONDV 
999 |c 643264  |d 645194 
952 |a SNK  |b SNK  |y PREZ  |7 0  |p 17A0379233  |o snkIB 65/10/3/1902 D1  |i snkVIII. 3476/54  |3 rekatalogizácia  |0 0  |1 0  |4 0  |d 2003-03-28  |l 0  |r 2005-01-02 00:00:00  |w 2026-02-23